000 00464nam a2200181Ia 4500
001 1561
005 20260306143737.0
008 260306t2014||||xx |||||||||||||| ||spa||
041 _aESP
082 _a150.98
_bS17
100 _aSalas, Gonzalo
_eAUT
245 0 _aHistorias de la psicología en América del Sur:
_bdiálogos y perspectivas
260 _c2014
300 _a327 páginas :
_c21 cm.
650 _aGEN
654 _aCPS
942 _cLIB
_dJUS
_fJUS
_2ddc
_n
999 _c1561
_d1561